Situation of Low Interest Rates and Its Impact on the Use of Bank Loans

Prevládanie dlhového zdroja financovania u podnikových financií, najmä bankových úverov. Využívanie pôžičiek spoločnosťami ako vhodnej súčasti ich finančnej štruktúry a vplyv nízkych úrokových sadzieb na ich využívanie, aj v kontexte každoročného poklesu úrokových sadzieb od finančnej krízy v roku 2...

Celý popis

Uložené v:
Podrobná bibliografia
Hlavný autor: Polečová, Petra
Médium: Kapitola
Jazyk:English
Predmet:
Tagy: Pridať tag
Žiadne tagy, Buďte prvý, kto otaguje tento záznam!

MARC

LEADER 00000naa$a2200000$$$4500
001 0272543
005 20240502074309.3
041 0 |a eng 
044 |a SK 
245 1 0 |a Situation of Low Interest Rates and Its Impact on the Use of Bank Loans  |c Petra Polečová 
520 |a Prevládanie dlhového zdroja financovania u podnikových financií, najmä bankových úverov. Využívanie pôžičiek spoločnosťami ako vhodnej súčasti ich finančnej štruktúry a vplyv nízkych úrokových sadzieb na ich využívanie, aj v kontexte každoročného poklesu úrokových sadzieb od finančnej krízy v roku 2008. Využitie bankových pôžičiek v spoločnostiach a dopad súčasnej situácie nízkych úrokových sadzieb na tento zdroj dlhu. Predpokladanie pretrvávania vysokého záujmu o pôžičky aj v budúcich obdobiach. Vplyv dlhodobého udržiavania nízkych až negatívnych úrokových sadzieb zo strany Európskej centrálnej banky na finančnú stabilitu a konanie bánk. 
610 2 0 |a pôžičky 
610 2 0 |a úver bankový 
610 2 0 |a sadzby úrokové 
610 2 0 |a financovanie podnikov 
610 2 0 |a financie podnikové 
610 2 0 |a Európska centrálna banka 
610 2 0 |a Slovensko 
610 2 0 |a Európska únia 
100 1 |a Polečová, Petra